Superman Villains - Statistics

General Stats
  • This quiz has been taken 165 times
  • The average score is 11 of 16
Answer Stats
Picture Answer % Correct
Lex Luthor
100%
Doomsday
89%
Bizarro
88%
Adolf Hitler
87%
Darkseid
85%
General Zod
85%
Brainiac
81%
Lobo
81%
Ultraman
70%
Metallo
62%
Toyman
55%
Mr. Mxyzptlk
53%
Livewire
49%
Parasite
48%
Silver Banshee
45%
Atomic Skull
28%
No matching quizzes found
Score Distribution
Percent of People with Each Score
Percentile by Number Answered
Your Score History
You have not taken this quiz